000 00318nam a2200133 i 4500
001 bg
100 1 _aRUTKOWSKI, Jan D.
245 0 _aDezodoryzacja gazów odlotowych /
_cJan D. Rutkowski.
260 _aWrocław,
_c1975.
040 _cBPK
041 _apol
942 _cKS
008 s pl f |000 0 pol
999 _c16437
_d16437
856 _uhttp://koha.tu.koszalin.pl/cgi-bin/koha/opac-detail.pl?biblionumber=16437
_yKatalog online BPK